| 000 | 00412cam a2200157ua 4500 | ||
|---|---|---|---|
| 041 |
_aeng _h |
||
| 082 |
_a634.655 _bNAR/MA |
||
| 100 | _aNarasinga Rao, U . | ||
| 245 |
_aMangosteen in India / _cU.Narasinga Rao. _hTextual Documents |
||
| 260 |
_aNew Delhi : _bIndian Council for Agricultural Research , _c1964. |
||
| 300 | _a20 ; . | ||
| 504 | _a | ||
| 942 | _cBK | ||
| 999 |
_c1131 _d1131 |
||